000 00320nam a2200121 a 4500
008 100914s1989|||| d
245 1 0 _aTvorba národov
_bVitajte v ťažkých časoch
100 1 _aDoctorow, E.L.
260 _bSlovenský spisovateľ
_aBratislava
_c1989
020 _c25
044 _axo
_cSK
041 _aslo
999 _c10309
_d10309